| 000 | 00729nam a22001817a 4500 | ||
|---|---|---|---|
| 003 | BD-DhUL | ||
| 005 | 20161018141127.0 | ||
| 008 | 161018b xxu||||| |||| 00| 0 eng d | ||
| 040 | _cBD-DhUL | ||
| 082 |
_a891.409 _bJAP |
||
| 100 | _aআলেকজান্ডার ডুমার | ||
| 245 |
_aদি থ্রি মাস্কেটিয়ার্স / _cআলেকজান্ডার ডুমার |
||
| 260 |
_aকলিকাতা : _bসংস্কৃত পুস্তক ভাণ্ডার, _c১৯৯৮. |
||
| 300 |
_a২৫২ পৃ. ; _c২০ সেমি. |
||
| 650 |
_aইতিহাস _xHistory |
||
| 700 | _aসত্যব্রত ভঞ্জ চৌধুরী | ||
| 942 |
_2ddc _cBK |
||
| 999 |
_c110838 _d110838 |
||